| 000 | 00788nam a2200241 i 4500 | ||
|---|---|---|---|
| 001 | 149467 | ||
| 003 | ES-MaACL | ||
| 005 | 20251005063117.0 | ||
| 007 | t| | ||
| 008 | 071022s1973 sp ||||1| spa d | ||
| 020 | _a84-276-1138-2 | ||
| 100 | 1 |
_aVázquez, Jesús María, _d1923- _9151167 |
|
| 245 | 1 | 3 |
_aLa iglesia española contemporánea / _cJesús M. Vázquez, Félix Medín, Luis Méndez. |
| 260 |
_aMadrid : _bEditoria Nacional, _c[1973] |
||
| 300 |
_a502 p. ; _c21 cm. |
||
| 490 | 1 | _aEspaña en 3 tiempos | |
| 651 | 4 |
_aEspaña- _xHistoria eclesiástica- _yS.XX. _98372 |
|
| 700 | 1 |
_aMedín García, Félix. _979687 |
|
| 700 | 1 |
_aMéndez Francisco, Luis. _980152 |
|
| 830 | 1 |
_aEspaña en 3 tiempos _9183225 |
|
| 852 |
_aES-MaACL _jC-56738 |
||
| 999 |
_c149467 _d149467 |
||